00595nam a2200145Ia 4500008004100000100002400041245009600065245007800161260005900239650001800298650001500316856002600331999001900357952007300376170221s9999 xx 000 0 und d aTanimu Ahmed Jibril aCommunicating Beyond the Conventional Functions: An Assessment of Newspaper Announcements  cTanimu Ahmed Jibril, Afida Mohamad Ali, Zalina Mohd Kasim, Chan Mei Yuit. bOnline Journal of Communication and Media Technologies xCommunication xMedia Arts uhttp://www.ojcmt.net/ c312692d312692 001040aCLbCLd2017-02-21l0r2017-02-21 00:00:00w2017-02-21yFOJ